000 00819nam a22002177a 4500
001 14188
003 BD-JhCC
005 20250208141710.0
008 250208b2016 us |||| ||a| 000 0 eng d
035 _a(BD-JhCC)14188
040 _aBD-JhCC
_dBD-JhCC
041 _aeng
082 _a185.5
_bHIL 2016
100 _a Hill, Napoleon
245 _aRoad to success : putting the principles of think and grow rich into action
_cRoad to success : putting the principles of think and grow rich into action in yoNapoleon Hillur life
260 _aNew York:
_b A TarcherPerigee Book;
_c2016.
300 _a239 p.
_c20 cm.
650 _aAre you lacking a sense of direction? Unable to chart a course for success in your life? Uneasy as to whether or not you are following the correct
942 _2ddc
_cBK
999 _c14188
_d14188